<?xml version="1.0" encoding="UTF-8"?><?xml-stylesheet type="text/xsl" href="static/style.xsl"?><OAI-PMH xmlns="http://www.openarchives.org/OAI/2.0/" xmlns:xsi="http://www.w3.org/2001/XMLSchema-instance" xsi:schemaLocation="http://www.openarchives.org/OAI/2.0/ http://www.openarchives.org/OAI/2.0/OAI-PMH.xsd"><responseDate>2026-06-04T12:24:49Z</responseDate><request verb="GetRecord" identifier="oai:recam.amb.cat:20.500.14439/4733" metadataPrefix="marc">https://recam.amb.cat/rest/oai/request</request><GetRecord><record><header><identifier>oai:recam.amb.cat:20.500.14439/4733</identifier><datestamp>2026-04-24T23:46:06Z</datestamp><setSpec>com_20.500.14439_2794</setSpec><setSpec>com_20.500.14439_113</setSpec><setSpec>col_20.500.14439_4201</setSpec></header><metadata><record xmlns="http://www.loc.gov/MARC21/slim" xmlns:dcterms="http://purl.org/dc/terms/" xmlns:xsi="http://www.w3.org/2001/XMLSchema-instance" xmlns:doc="http://www.lyncode.com/xoai" xsi:schemaLocation="http://www.loc.gov/MARC21/slim http://www.loc.gov/standards/marcxml/schema/MARC21slim.xsd">
   <leader>00925njm 22002777a 4500</leader>
   <datafield ind2=" " ind1=" " tag="042">
      <subfield code="a">dc</subfield>
   </datafield>
   <datafield ind2=" " ind1=" " tag="720">
      <subfield code="a">Institut d'Estudis Regionals i Metropolitans de Barcelona</subfield>
      <subfield code="e">author</subfield>
   </datafield>
   <datafield ind2=" " ind1=" " tag="260">
      <subfield code="c">2020-12-01</subfield>
   </datafield>
   <datafield ind2=" " ind1=" " tag="520">
      <subfield code="a">El monogràfic, format per dotze articles, s’obre amb una panoràmica que cartografia l’agenda de les polítiques urbanes enfront de la vulnerabilitat, des de l’escala europea a la municipal, al llarg dels anys recents. Es despleguen, tot seguit, tres articles que tracten la dimensió empírica de la vulnerabilitat socioresidencial: en el conjunt de l’estat i, més en concret, a les metròpolis de Madrid i de Barcelona. És remarcable aquí la presentació del nou índex de vulnerabilitat
urbana (IVU), millorat i actualitzat, elaborat per l’equip de cohesió social i urbana de l’IERMB, i utilitzat com a eina clau per a l’anàlisi del cas de Barcelona i les seves pautes de persistència, concentració i complexitat. El segon bloc d’articles s’endinsa de ple en les polítiques, i s’hi desenvolupen anàlisis detallades de programes de rehabilitació urbana i plans de barris en diferents àmbits territorials. Aquesta part del monogràfic es tanca amb una reflexió sobre la necessitat de fer emergir les polítiques de barris en l’àmbit metropolità, com a instruments de redistribució i construcció de justícia espacial. El monogràfic culmina a peu de carrer: amb dos articles que aporten llum sobre resultats concrets derivats de pràctiques urbanes en diversos barris vulnerables de Barcelona i la seva àrea metropolitana.</subfield>
   </datafield>
   <datafield ind1="8" ind2=" " tag="024">
      <subfield code="a">9788492940448</subfield>
   </datafield>
   <datafield ind1="8" ind2=" " tag="024">
      <subfield code="a">1888-362</subfield>
   </datafield>
   <datafield ind1="8" ind2=" " tag="024">
      <subfield code="a">2013-7958</subfield>
   </datafield>
   <datafield ind1="8" ind2=" " tag="024">
      <subfield code="a">https://hdl.handle.net/20.500.14439/4733</subfield>
   </datafield>
   <datafield ind1="8" ind2=" " tag="024">
      <subfield code="a">B 22708-2020</subfield>
   </datafield>
   <datafield tag="653" ind2=" " ind1=" ">
      <subfield code="a">Barris</subfield>
   </datafield>
   <datafield ind2="0" ind1="0" tag="245">
      <subfield code="a">Metròpolis, vulnerabilitat urbana i polítiques de millora de barris. Papers, 63</subfield>
   </datafield>
</record></metadata></record></GetRecord></OAI-PMH>